The dartnell professional secretary's handbook / (Record no. 127100)

MARC details
000 -LEADER
fixed length control field 00880nam a22002657a 4500
003 - CONTROL NUMBER IDENTIFIER
control field dpl
005 - DATE AND TIME OF LATEST TRANSACTION
control field 20180705103934.0
008 - FIXED-LENGTH DATA ELEMENTS--GENERAL INFORMATION
fixed length control field 180612b xxu||||| |||| 00| 0 eng d
010 ## - LIBRARY OF CONGRESS CONTROL NUMBER
LC control number A-897059
020 ## - INTERNATIONAL STANDARD BOOK NUMBER
Terms of availability 00.00
International Standard Book Number 817512010
035 ## - SYSTEM CONTROL NUMBER
System control number A-897059, A-897079, A-897063
037 ## - SOURCE OF ACQUISITION
Source of stock number/acquisition Cen Lib/Ret
040 ## - CATALOGING SOURCE
Original cataloging agency DPL
Language of cataloging EN
Transcribing agency 0
082 ## - DEWEY DECIMAL CLASSIFICATION NUMBER
Classification number 651.3741
Item number COO
100 ## - MAIN ENTRY--PERSONAL NAME
Personal name Cook, Fred S.
9 (RLIN) 23024
245 ## - TITLE STATEMENT
Title The dartnell professional secretary's handbook /
Statement of responsibility, etc by Fred S.Cook [and] lenore S.Forti
260 ## - PUBLICATION, DISTRIBUTION, ETC. (IMPRINT)
Place of publication, distribution, etc New Delhi
Name of publisher, distributor, etc Global Books & Subscription Services
Date of publication, distribution, etc 1997
270 ## - ADDRESS
Address 1-22, West Patel Nagar
City New Delhi
Postal code 110008
300 ## - PHYSICAL DESCRIPTION
Extent 315p. :
Dimensions 22cm(Hb)
Other physical details ill.
500 ## - GENERAL NOTE
General note Includes index
650 ## - SUBJECT ADDED ENTRY--TOPICAL TERM
Topical term or geographic name as entry element Secretaries -- Handbooks, manuals, etc.
9 (RLIN) 23025
650 ## - SUBJECT ADDED ENTRY--TOPICAL TERM
Topical term or geographic name as entry element Secretaries.
9 (RLIN) 23026
700 ## - ADDED ENTRY--PERSONAL NAME
Personal name Forti, Lenore S.
9 (RLIN) 19401
942 ## - ADDED ENTRY ELEMENTS (KOHA)
Source of classification or shelving scheme Dewey Decimal Classification
Koha item type English Books
Classification part 651.3741
Call number suffix COO
Holdings
Withdrawn status Lost status Damaged status Not for loan Home library Current library Date acquired Source of acquisition Cost, normal purchase price Total Checkouts Full call number Barcode Date last seen Copy number Cost, replacement price Price effective from Koha item type Public note Source of classification or shelving scheme Collection code
Written off       Central Library Central Library 27/06/2015 Cen Lib/Ret 0.00   651.3741 COO A-897059 27/06/2015 1 0.00 15/09/2016 English Books Written off on approval by DLB (By Circulation); dtd 15-06-2023    
Written off       Central Library Central Library 27/06/2015 Cen Lib/Ret 0.00   651.3741 COO A-897058 27/06/2015 1 0.00 27/06/2015 English Books Written off on approval by DLB (By Circulation); dtd 15-06-2023    
        Patel Nagar Patel Nagar 05/07/2018 BPPD/Pub 0.00   651.3741 COO A-897063 05/07/2018 1 0.00 05/07/2018 English Books   Dewey Decimal Classification Non-fiction
        Shahdara Branch Shahdara Branch 12/06/2018 BPPD/PUB 0.00   651.3741 COO A-897079 12/06/2018   0.00 12/06/2018 English Books   Dewey Decimal Classification Non-fiction

© Delhi Public Library
Hit Counter
free hit counter